| 000 | 00451cam a2200133 a 4500 | ||
|---|---|---|---|
| 082 |
_a624.15 _bGUP _cL-39, P-170 |
||
| 245 |
_aRaft foundations design and analysis with a practical approach _cSharat Chandra Gupta. |
||
| 260 |
_aNew Delhi : _bNew Age International Publishers, _cc1996. |
||
| 300 |
_a134 p. : _c29 cm. |
||
| 526 |
_a0 _b0 _c0 _d624_150000000000000_GUP |
||
| 526 |
_a0 _b0 _c0 _d624_150000000000000_GUP |
||
| 650 |
_aMCE _9379 |
||
| 942 |
_2ddc _cBK |
||
| 999 |
_c546243 _d546243 |
||